[Event "Gibtelecom AmatWk2 8th"]
[Site "Gibraltar"]
[Date "2010.02.01"]
[Round "2.17"]
[White "Bath, Tom"]
[Black "Knight Gonzalez, Carlos"]
[Result "1-0"]
[WhiteElo "1424"]
[BlackElo "1000"]
[PlyCount "65"]
[EventDate "2010.01.31"]
[EventType "swiss"]
[EventRounds "5"]
[EventCountry "GGB"]
[SourceTitle "BritBase"]
[Source "www.saund.co.uk"]
[SourceDate "2018.02.10"]
[SourceVersion "1"]
[SourceVersionDate "2018.02.10"]
[SourceQuality "1"]

1. e4 e5 2. f4 exf4 3. Nf3 Nc6 4. Bc4 Nf6 5. Nc3 Nxe4 6. d4 Nxc3 7. bxc3 d5 8.
Bb3 Qe7+ 9. Kf2 Qd6 10. a4 Be7 11. Ba3 Qd8 12. Bxe7 Nxe7 13. Qd2 Qd6 14. Rae1
O-O 15. h4 Bg4 16. Ne5 Bh5 17. c4 c6 18. c5 Qd8 19. Nd3 f3 20. Nf4 fxg2 21.
Kxg2 Bg6 22. Rh2 Be4+ 23. Kg1 Nf5 24. Rxe4 Nxh4 25. Re3 f5 26. Ne6 f4 27. Nxd8
fxe3 28. Bxd5+ Kh8 29. Qxe3 Raxd8 30. Rxh4 Rxd5 31. Re4 Rdf5 32. Kg2 Rf2+ 33.
Qxf2 1-0

[Event "Gibtelecom AmatWk2 8th"]
[Site "Gibraltar"]
[Date "2010.02.02"]
[Round "3.1"]
[White "Edwards, Stephen A"]
[Black "Huba, Mark"]
[Result "1-0"]
[WhiteElo "1784"]
[BlackElo "1496"]
[PlyCount "79"]
[EventDate "2010.01.31"]
[EventType "swiss"]
[EventRounds "5"]
[EventCountry "GGB"]
[SourceTitle "BritBase"]
[Source "www.saund.co.uk"]
[SourceDate "2018.02.10"]
[SourceVersion "1"]
[SourceVersionDate "2018.02.10"]
[SourceQuality "1"]

1. e4 e6 2. Nf3 d5 3. Nc3 Bb4 4. e5 Bxc3 5. bxc3 c5 6. d4 Qa5 7. Bd2 c4 8. Be2
Qa4 9. O-O Nc6 10. Ng5 Nge7 11. Bh5 Nd8 12. f4 g6 13. Be2 h6 14. Nf3 Bd7 15. g4
Ndc6 16. Kg2 O-O-O 17. Qb1 b6 18. Be1 Ng8 19. Bd2 Nge7 20. h3 Rdg8 21. Qb2 Kc7
22. Be1 g5 23. fxg5 Ng6 24. Bd2 hxg5 25. Nxg5 Nd8 26. Nxf7 Nxf7 27. Rxf7 Qa6
28. Qb4 Qc8 29. Bg5 Nf8 30. Qd6+ Kb7 31. Be7 Ng6 32. Kg3 Be8 33. Rf6 Rh7 34.
Rxe6 Rgg7 35. Qxd5+ Bc6 36. Rxc6 Qxc6 37. Qxc6+ Kxc6 38. Bf6 Rf7 39. Bxc4 Rd7
40. Bd3 1-0

[Event "Gibtelecom AmatWk2 8th"]
[Site "Gibraltar"]
[Date "2010.02.02"]
[Round "3.2"]
[White "Candano Gonzalez, Alvaro"]
[Black "Salomon, Johan"]
[Result "0-1"]
[WhiteElo "1540"]
[BlackElo "1771"]
[PlyCount "131"]
[EventDate "2010.01.31"]
[EventType "swiss"]
[EventRounds "5"]
[EventCountry "GGB"]
[SourceTitle "BritBase"]
[Source "www.saund.co.uk"]
[SourceDate "2018.02.10"]
[SourceVersion "1"]
[SourceVersionDate "2018.02.10"]
[SourceQuality "1"]

1. c4 Nf6 2. g3 g6 3. Bg2 d5 4. Nf3 Bg7 5. cxd5 Nxd5 6. Nc3 Nxc3 7. bxc3 O-O 8.
Rb1 Nd7 9. a4 Nb6 10. a5 Bf5 11. Rb3 Be6 12. axb6 Bxb3 13. Qxb3 axb6 14. O-O
Qd6 15. d3 Ra7 16. Nd4 Bxd4 17. cxd4 Qxd4 18. Bb2 Qd6 19. Qc3 f6 20. Qc4+ Kg7
21. h4 c6 22. h5 Ra5 23. hxg6 hxg6 24. Qe4 Rh8 25. Bc3 Rb5 26. Bf3 Kf7 27. Kg2
Qd7 28. Bg4 Qd6 29. Rh1 Rxh1 30. Kxh1 Rc5 31. Bb4 Rc1+ 32. Kg2 c5 33. Bd2 Rc2
34. Bf4 Qc6 35. Qxc6 bxc6 36. Kf1 e5 37. Be3 Ke7 38. Bf3 Kd6 39. g4 g5 40. Ke1
Ra2 41. Kd1 b5 42. Kc1 c4 43. Kb1 Ra4 44. Kb2 Rb4+ 45. Kc2 cxd3+ 46. exd3 Ra4
47. Be4 c5 48. Kb3 Ra7 49. Bf5 Rc7 50. Be4 Kd7 51. Bf5+ Kc6 52. Be4+ Kb6 53.
Bd2 Rd7 54. Be3 Ra7 55. Bf5 b4 56. Be6 Ra3+ 57. Kc4 Rc3+ 58. Kd5 b3 59. d4 cxd4
60. Bxd4+ exd4 61. Kxd4 b2 62. Bf5 Rc1 63. Kd5 b1=Q 64. Bxb1 Rxb1 65. Kd6 Rb4
66. f3 {(both scores have numerous mistakes from about move 35 onwards but the
final sequence is correct, I think)} 0-1

[Event "Gibtelecom AmatWk2 8th"]
[Site "Gibraltar"]
[Date "2010.02.02"]
[Round "3.3"]
[White "Hannan, Peter"]
[Black "Albrecht, Franz"]
[Result "1-0"]
[WhiteElo "1752"]
[BlackElo "1546"]
[PlyCount "59"]
[EventDate "2010.01.31"]
[EventType "swiss"]
[EventRounds "5"]
[EventCountry "GGB"]
[SourceTitle "BritBase"]
[Source "www.saund.co.uk"]
[SourceDate "2018.02.10"]
[SourceVersion "1"]
[SourceVersionDate "2018.02.10"]
[SourceQuality "1"]

1. e4 e5 2. Nf3 Nf6 3. Nc3 d6 4. d4 exd4 5. Nxd4 Be7 6. Bc4 O-O 7. O-O c5 8.
Nde2 Nc6 9. f4 Be6 10. Bxe6 fxe6 11. Ng3 Nd4 12. e5 dxe5 13. fxe5 Nd5 14. Rxf8+
Qxf8 15. Nxd5 exd5 16. c3 Nc6 17. Qxd5+ Kh8 18. Be3 Rd8 19. Qe4 Qe8 20. e6 b6
21. Rf1 Bf6 22. Bf4 Ne7 23. Nf5 Nxf5 24. Qxf5 Qe7 25. Be5 Rd5 26. Bxf6 Rxf5 27.
Bxe7 Rxf1+ 28. Kxf1 Kg8 29. Kf2 g6 30. Kf3 1-0

[Event "Gibtelecom AmatWk2 8th"]
[Site "Gibraltar"]
[Date "2010.02.02"]
[Round "3.4"]
[White "Gallardo Ribot, Laura"]
[Black "Erdelyi, Adam"]
[Result "1/2-1/2"]
[WhiteElo "1698"]
[BlackElo "1000"]
[PlyCount "108"]
[EventDate "2010.01.31"]
[EventType "swiss"]
[EventRounds "5"]
[EventCountry "GGB"]
[SourceTitle "BritBase"]
[Source "www.saund.co.uk"]
[SourceDate "2018.02.10"]
[SourceVersion "1"]
[SourceVersionDate "2018.02.10"]
[SourceQuality "1"]

1. e4 c5 2. Nc3 e6 3. f4 d6 4. Nf3 a6 5. a4 b6 6. Bc4 Qc7 7. d3 Bb7 8. Be3 Nd7
9. Ng5 h6 10. Qh5 g6 11. Qh3 Be7 12. Bxe6 fxe6 13. Nxe6 Qc8 14. Qg3 Nf8 15.
Nxf8 Kxf8 16. Qxg6 Qe8 17. Qf5+ Qf7 18. Qd7 Bh4+ 19. g3 Qxd7 20. gxh4 Qg4 21.
Rg1 Qxh4+ 22. Kd2 Qxh2+ 23. Ne2 Qh4 24. Rh1 Qf6 25. b4 d5 26. e5 Qe6 27. bxc5
d4 28. Bxd4 Bxh1 29. Rxh1 bxc5 30. Bxc5+ Kf7 31. Nd4 Qg4 32. Ke3 Ne7 33. Nf3
Nd5+ 34. Kf2 Qxf4 35. Bd6 Ke6 36. Rh4 Qf7 37. Ke2 Qa7 38. Nd4+ Kd7 39. Kd2 Rab8
40. Bxb8 Qxb8 41. e6+ Ke8 42. Re4 Qh2+ 43. Ne2 Rg8 44. c4 Ne7 45. Kc3 Rg2 46.
Nd4 Nf5 47. Nxf5 Rc2+ 48. Kd4 Qf2+ 49. Ne3 Re2 50. c5 Rxe3 51. Rxe3 Qf4+ 52.
Re4 Qf6+ 53. Kd5 Qf5+ 54. Kc6 Qf3 1/2-1/2

[Event "Gibtelecom AmatWk2 8th"]
[Site "Gibraltar"]
[Date "2010.02.02"]
[Round "3.5"]
[White "McGladdery, David G"]
[Black "Coats, Jon R"]
[Result "1/2-1/2"]
[WhiteElo "1664"]
[BlackElo "1696"]
[PlyCount "62"]
[EventDate "2010.01.31"]
[EventType "swiss"]
[EventRounds "5"]
[EventCountry "GGB"]
[SourceTitle "BritBase"]
[Source "www.saund.co.uk"]
[SourceDate "2018.02.10"]
[SourceVersion "1"]
[SourceVersionDate "2018.02.10"]
[SourceQuality "1"]

1. Nf3 Nf6 2. c4 c5 3. e3 Nc6 4. Be2 g6 5. O-O Bg7 6. d4 cxd4 7. exd4 e6 8. Bg5
O-O 9. Nc3 d5 10. Qd2 Qd7 11. Qf4 Ne8 12. Bh6 Qd6 13. Qxd6 Nxd6 14. Bxg7 Kxg7
15. cxd5 exd5 16. Nxd5 Nf5 17. Nc3 Nfxd4 18. Nxd4 Nxd4 19. Rad1 Nxe2+ 20. Nxe2
Be6 21. Nc3 Rad8 22. Rfe1 Rd7 23. Rxd7 Bxd7 24. Rd1 Re8 25. Kf1 Bc6 26. a3 a6
27. b4 Rc8 28. Rc1 Bb5+ 29. Ke1 Re8+ 30. Kd2 Rd8+ 31. Ke1 Re8+ 1/2-1/2

[Event "Gibtelecom AmatWk2 8th"]
[Site "Gibraltar"]
[Date "2010.02.02"]
[Round "3.6"]
[White "O'Connell, Denis"]
[Black "Haddock, Paul"]
[Result "0-1"]
[WhiteElo "1599"]
[BlackElo "1793"]
[PlyCount "78"]
[EventDate "2010.01.31"]
[EventType "swiss"]
[EventRounds "5"]
[EventCountry "GGB"]
[SourceTitle "BritBase"]
[Source "www.saund.co.uk"]
[SourceDate "2018.02.10"]
[SourceVersion "1"]
[SourceVersionDate "2018.02.10"]
[SourceQuality "1"]

1. e4 c5 2. b4 d6 3. bxc5 dxc5 4. Nc3 Nf6 5. Nf3 b6 6. Bc4 e6 7. O-O Bb7 8. Qe2
Be7 9. Rd1 Nc6 10. Ba6 Bxa6 11. Qxa6 Qd7 12. a3 O-O 13. Qe2 Nd4 14. Nxd4 cxd4
15. e5 dxc3 16. exf6 Bxf6 17. dxc3 Qa4 18. Bb2 Rac8 19. Rd3 Rc4 20. Qd2 Rfc8
21. g3 h6 22. Rd1 Qc6 23. Rd6 Qc5 24. Rd7 Bxc3 25. Bxc3 Rxc3 26. Rxa7 Rxc2 27.
Qf4 Rc7 28. Ra8+ Kh7 29. Rdd8 Rc1+ 30. Kg2 Qc6+ 31. Kh3 Rc4 32. Rh8+ Kg6 33.
Qe5 Rc5 34. Rxh6+ Kxh6 35. Rh8+ Kg6 36. Qf4 Rh5+ 37. Rxh5 Kxh5 38. g4+ Kg6 39.
Qe5 Qc3+ 0-1

[Event "Gibtelecom AmatWk2 8th"]
[Site "Gibraltar"]
[Date "2010.02.02"]
[Round "3.7"]
[White "Brooks, Harry"]
[Black "Kuenitz, Klaus"]
[Result "0-1"]
[WhiteElo "1552"]
[BlackElo "1755"]
[PlyCount "90"]
[EventDate "2010.01.31"]
[EventType "swiss"]
[EventRounds "5"]
[EventCountry "GGB"]
[SourceTitle "BritBase"]
[Source "www.saund.co.uk"]
[SourceDate "2018.02.10"]
[SourceVersion "1"]
[SourceVersionDate "2018.02.10"]
[SourceQuality "1"]

1. d4 f5 2. e4 fxe4 3. Nc3 Nf6 4. Bg5 c6 5. Bxf6 exf6 6. Nxe4 d5 7. Ng3 Qe7+ 8.
Be2 Qb4+ 9. c3 Qxb2 10. Qc1 Qxc1+ 11. Rxc1 Ba3 12. Rb1 O-O 13. Nf3 b5 14. O-O
Nd7 15. Rb3 Bd6 16. Nf5 Bf4 17. Ne7+ Kf7 18. Nxc6 a6 19. Nb4 Nb6 20. Nd3 Bd6
21. Nc5 Re8 22. Bd3 Bg4 23. Nh4 g6 24. h3 Be2 25. Rfb1 Bxc5 26. dxc5 Bxd3 27.
cxb6 Bxb1 28. Rxb1 Rab8 29. Nf3 Rxb6 30. Rd1 Rd6 31. Nd4 Rc8 32. Rd3 Rc4 33.
Nc2 Ra4 34. a3 Re4 35. Kf1 Rde6 36. g3 Re2 37. Nb4 Re1+ 38. Kg2 Ra1 39. Nxd5
Rd6 40. Kf3 Rxa3 41. Ke4 Ra4+ 42. Rd4 Rxd4+ 43. Kxd4 Ke6 44. c4 bxc4 45. Kxc4
Rxd5 0-1

[Event "Gibtelecom AmatWk2 8th"]
[Site "Gibraltar"]
[Date "2010.02.02"]
[Round "3.8"]
[White "Reci, Nadja"]
[Black "Homer, Neil S"]
[Result "1/2-1/2"]
[WhiteElo "1544"]
[BlackElo "1704"]
[PlyCount "83"]
[EventDate "2010.01.31"]
[EventType "swiss"]
[EventRounds "5"]
[EventCountry "GGB"]
[SourceTitle "BritBase"]
[Source "www.saund.co.uk"]
[SourceDate "2018.02.10"]
[SourceVersion "1"]
[SourceVersionDate "2018.02.10"]
[SourceQuality "1"]

1. d4 d5 2. Nf3 Nf6 3. g3 e6 4. Bg2 c5 5. c3 Be7 6. O-O O-O 7. Bf4 Qb6 8. Qc2
cxd4 9. cxd4 Nc6 10. e3 Bd7 11. Nc3 Nb4 12. Qd2 Bb5 13. Nxb5 Qxb5 14. Ne5 Nc6
15. Bg5 Nxe5 16. dxe5 Ne4 17. Bxe4 Bxg5 18. Bd3 Qb6 19. Qe2 g6 20. h4 Bh6 21.
f4 Rac8 22. h5 Rc7 23. Kf2 Rfc8 24. Rh1 Bg7 25. Qg4 Qxb2+ 26. Kf3 Rc1 27. Raxc1
Rxc1 28. Rxc1 Qxc1 29. hxg6 Qd1+ 30. Be2 Qh1+ 31. Kf2 Qh2+ 32. Kf3 hxg6 33. Qg5
Qh1+ 34. Kf2 Qb1 35. Qd8+ Bf8 36. a4 Qb4 37. a5 b6 38. a6 Qc5 39. Qb8 Qe7 40.
Qb7 Kg7 41. Bb5 Qb4 42. Be2 1/2-1/2

[Event "Gibtelecom AmatWk2 8th"]
[Site "Gibraltar"]
[Date "2010.02.02"]
[Round "3.9"]
[White "Naldrett, Geoffrey William"]
[Black "Bath, Tom"]
[Result "1/2-1/2"]
[WhiteElo "1696"]
[BlackElo "1424"]
[PlyCount "133"]
[EventDate "2010.01.31"]
[EventType "swiss"]
[EventRounds "5"]
[EventCountry "GGB"]
[SourceTitle "BritBase"]
[Source "www.saund.co.uk"]
[SourceDate "2018.02.10"]
[SourceVersion "1"]
[SourceVersionDate "2018.02.10"]
[SourceQuality "1"]

1. e4 c5 2. c3 Nc6 3. d4 cxd4 4. cxd4 e6 5. Nf3 Be7 6. d5 Bb4+ 7. Bd2 Bxd2+ 8.
Qxd2 exd5 9. exd5 Qe7+ 10. Be2 Ne5 11. O-O d6 12. Re1 Nf6 13. Bb5+ Bd7 14.
Bxd7+ Nfxd7 15. Nd4 O-O-O 16. f4 Qf6 17. fxe5 dxe5 18. Nb5 Qb6+ 19. Qe3 Qxb5
20. Qxa7 Qb6+ 21. Qxb6 Nxb6 22. Rxe5 Rxd5 23. Rxd5 Nxd5 24. Nd2 Re8 25. Kf2 g5
26. g3 h5 27. h3 f5 28. Nf3 Rg8 29. Nd4 g4 30. hxg4 fxg4 31. a3 Rf8+ 32. Kg1
Ne3 33. Re1 Nd5 34. Re5 Nf6 35. Nf5 Kd7 36. Kg2 b6 37. Kf2 Re8 38. Rxe8 Nxe8
39. Ke3 Ke6 40. Kf4 Kf6 41. Nd4 Nc7 42. a4 Nd5+ 43. Ke4 Nb4 44. b3 Kg6 45. Ne2
Kg5 46. Ke3 Nc2+ 47. Kf2 h4 48. gxh4+ Kxh4 49. Kg2 Ne3+ 50. Kh2 Nf1+ 51. Kg1
Ng3 52. Nf4 Kg5 53. Nd5 Ne2+ 54. Kf2 Nd4 55. b4 Kh4 56. Kg2 Nc2 57. a5 bxa5 58.
bxa5 Nd4 59. a6 Nc6 60. Ne3 Kg5 61. Kg3 Kf6 62. Kxg4 Ke7 63. Nd5+ Kd7 64. Nb4
Na7 65. Kf4 Kc7 66. Ke5 Nc6+ 67. Nxc6 1/2-1/2

[Event "Gibtelecom AmatWk2 8th"]
[Site "Gibraltar"]
[Date "2010.02.02"]
[Round "3.10"]
[White "Foran, Barry"]
[Black "Garcia, Mario"]
[Result "1-0"]
[WhiteElo "1416"]
[BlackElo "1663"]
[PlyCount "89"]
[EventDate "2010.01.31"]
[EventType "swiss"]
[EventRounds "5"]
[EventCountry "GGB"]
[SourceTitle "BritBase"]
[Source "www.saund.co.uk"]
[SourceDate "2018.02.10"]
[SourceVersion "1"]
[SourceVersionDate "2018.02.10"]
[SourceQuality "1"]

1. d4 d5 2. Nf3 Nf6 3. e3 Bg4 4. c4 c6 5. Qb3 Qc7 6. Bd2 Nbd7 7. Nc3 e6 8. Rc1
Nb6 9. cxd5 exd5 10. a4 Be6 11. a5 Nbd7 12. a6 bxa6 13. Bd3 Qb6 14. Qxb6 axb6
15. Na4 c5 16. dxc5 Bxc5 17. Nd4 Bxd4 18. exd4 b5 19. Nc5 O-O 20. Nxe6 fxe6 21.
f3 Rfc8 22. Ke2 Ne8 23. Bf4 Kf7 24. h4 Nef6 25. g4 Kg8 26. Rcg1 Rf8 27. Bd6
Rfc8 28. h5 Ne8 29. Bf4 Nf8 30. Rc1 Nd7 31. g5 Nf8 32. Kd2 Nd7 33. Rhe1 Nf8 34.
Bf1 Kf7 35. Bh3 Rc4 36. Kd3 Rac8 37. b3 Rxc1 38. Bxc1 b4 39. Bd2 Rb8 40. Rc1
Nd7 41. Rc6 Rb6 42. Bxe6+ Ke7 43. Bxd5 Rxc6 44. Bxc6 a5 45. Bf4 1-0

[Event "Gibtelecom AmatWk2 8th"]
[Site "Gibraltar"]
[Date "2010.02.02"]
[Round "3.11"]
[White "Poggio, Freddie"]
[Black "Carlsen, Ingrid Oen"]
[Result "1-0"]
[WhiteElo "1640"]
[BlackElo "1508"]
[PlyCount "73"]
[EventDate "2010.01.31"]
[EventType "swiss"]
[EventRounds "5"]
[EventCountry "GGB"]
[SourceTitle "BritBase"]
[Source "www.saund.co.uk"]
[SourceDate "2018.02.10"]
[SourceVersion "1"]
[SourceVersionDate "2018.02.10"]
[SourceQuality "1"]

1. d4 Nf6 2. Nf3 g6 3. c4 Bg7 4. Nc3 O-O 5. e4 d6 6. Be2 e5 7. d5 Nbd7 8. Be3
Ng4 9. Bg5 f6 10. Bd2 f5 11. h3 Ngf6 12. exf5 gxf5 13. Bg5 Kh8 14. Qc2 Nc5 15.
b4 Na6 16. a3 c5 17. b5 Nc7 18. Nh4 e4 19. g4 fxg4 20. hxg4 Qe8 21. O-O-O Nxg4
22. Nxe4 Bf5 23. Bd3 Bxe4 24. Bxe4 Rxf2 25. Rd2 Rxd2 26. Kxd2 Nf2 27. Ng6+ Kg8
28. Ne7+ Kf8 29. Rf1 Bd4 30. Bxh7 Qf7 31. Qf5 Ne4+ 32. Qxe4 Qxf1 33. Bh6+ Ke8
34. Nc6+ Be5 35. Bg6+ Kd7 36. Qg4+ Ne6 37. Nxe5+ 1-0

[Event "Gibtelecom AmatWk2 8th"]
[Site "Gibraltar"]
[Date "2010.02.02"]
[Round "3.12"]
[White "Raffo Sanchez, Luis"]
[Black "Manetto, Luis"]
[Result "1-0"]
[WhiteElo "1000"]
[BlackElo "1590"]
[PlyCount "59"]
[EventDate "2010.01.31"]
[EventType "swiss"]
[EventRounds "5"]
[EventCountry "GGB"]
[SourceTitle "BritBase"]
[Source "www.saund.co.uk"]
[SourceDate "2018.02.10"]
[SourceVersion "1"]
[SourceVersionDate "2018.02.10"]
[SourceQuality "1"]

1. c4 Nf6 2. Nc3 e6 3. a3 Be7 4. e4 d5 5. e5 Nfd7 6. d4 dxc4 7. Bxc4 Nb6 8. Ba2
Nc6 9. Nf3 O-O 10. Ne4 h6 11. O-O Nd5 12. b4 a6 13. Bd2 f5 14. Ng3 Bh4 15. Qc1
Bxg3 16. fxg3 g5 17. h4 f4 18. Qc2 g4 19. Qg6+ Kh8 20. Qxh6+ Kg8 21. Bb1 Qe7
22. Ng5 Qg7 23. Bh7+ Kh8 24. Qh5 Nf6 25. exf6 Rxf6 26. Rae1 e5 27. dxe5 Rf8 28.
e6 Ne7 29. Nf7+ Rxf7 30. exf7 1-0

[Event "Gibtelecom AmatWk2 8th"]
[Site "Gibraltar"]
[Date "2010.02.02"]
[Round "3.13"]
[White "Hebak, Thomas"]
[Black "Cox, Marian"]
[Result "1-0"]
[WhiteElo "1000"]
[BlackElo "1384"]
[PlyCount "39"]
[EventDate "2010.01.31"]
[EventType "swiss"]
[EventRounds "5"]
[EventCountry "GGB"]
[SourceTitle "BritBase"]
[Source "www.saund.co.uk"]
[SourceDate "2018.02.10"]
[SourceVersion "1"]
[SourceVersionDate "2018.02.10"]
[SourceQuality "1"]

1. d4 c6 2. c4 d5 3. e3 Nf6 4. Nf3 Nbd7 5. Nc3 e6 6. cxd5 cxd5 7. Bb5 a6 8. Ba4
b5 9. Bc2 Bb7 10. O-O Ne4 11. Nxe4 dxe4 12. Nd2 Nf6 13. f3 exf3 14. Nxf3 Ne4
15. Ne5 f6 16. Qh5+ Ke7 17. Qf7+ Kd6 18. Qxb7 fxe5 19. Bxe4 Be7 20. Qc6# 1-0

[Event "Gibtelecom AmatWk2 8th"]
[Site "Gibraltar"]
[Date "2010.02.02"]
[Round "3.14"]
[White "Oliva Parra, Ernesto"]
[Black "Mena Berenguer, Francisco"]
[Result "1/2-1/2"]
[WhiteElo "1000"]
[BlackElo "1000"]
[PlyCount "92"]
[EventDate "2010.01.31"]
[EventType "swiss"]
[EventRounds "5"]
[EventCountry "GGB"]
[SourceTitle "BritBase"]
[Source "www.saund.co.uk"]
[SourceDate "2018.02.10"]
[SourceVersion "1"]
[SourceVersionDate "2018.02.10"]
[SourceQuality "1"]

1. e4 e5 2. Nf3 d6 3. Bc4 Nf6 4. d3 c6 5. Ng5 d5 6. exd5 cxd5 7. Bb3 Be7 8. h3
h6 9. Nf3 O-O 10. Nxe5 Re8 11. O-O Bd6 12. Nf3 b6 13. Nc3 Bb7 14. Nb5 Nc6 15.
c3 Na5 16. Ba4 Re7 17. Be3 a6 18. Nbd4 b5 19. Bc2 Nc6 20. Nf5 Re6 21. Qd2 Nh5
22. Bb3 Ne5 23. N5h4 Nxf3+ 24. Nxf3 Rg6 25. d4 Bc8 26. Bc2 Rf6 27. Qd3 Bf5 28.
Qe2 Bxc2 29. Qxc2 Nf4 30. Bxf4 Bxf4 31. Ne5 Re6 32. Rae1 Bxe5 33. dxe5 Qg5 34.
Qd3 Rxe5 35. f4 Qf5 36. Qf3 Rxe1 37. Rxe1 Rd8 38. Qf2 Qf6 39. Qf3 d4 40. Rd1
dxc3 41. Rxd8+ Qxd8 42. Qxc3 Qd1+ 43. Kh2 Qd6 44. Qf3 Qc5 45. Qa8+ Qf8 46.
Qxf8+ Kxf8 1/2-1/2

[Event "Gibtelecom AmatWk2 8th"]
[Site "Gibraltar"]
[Date "2010.02.02"]
[Round "3.15"]
[White "Cox, Reginald"]
[Black "Jones, Sidney A"]
[Result "1/2-1/2"]
[WhiteElo "1352"]
[BlackElo "1472"]
[PlyCount "50"]
[EventDate "2010.01.31"]
[EventType "swiss"]
[EventRounds "5"]
[EventCountry "GGB"]
[SourceTitle "BritBase"]
[Source "www.saund.co.uk"]
[SourceDate "2018.02.10"]
[SourceVersion "1"]
[SourceVersionDate "2018.02.10"]
[SourceQuality "1"]

1. e4 e5 2. Bc4 Bc5 3. Nc3 Nf6 4. d3 Nc6 5. Bg5 d6 6. h3 Bb4 7. Nge2 Nd4 8. a3
Bxc3+ 9. bxc3 Nxe2 10. Qxe2 O-O 11. O-O Re8 12. Rab1 Rb8 13. Qe3 b6 14. f4 h6
15. Bh4 Be6 16. Bb5 Bd7 17. Bxd7 Qxd7 18. Bxf6 gxf6 19. Qg3+ Kh7 20. f5 Rg8 21.
Qh2 Rg7 22. Kh1 Rbg8 23. Rg1 d5 24. g4 dxe4 25. dxe4 Qc6 1/2-1/2

[Event "Gibtelecom AmatWk2 8th"]
[Site "Gibraltar"]
[Date "2010.02.02"]
[Round "3.16"]
[White "Cramling Bellon, Anna Yolanda"]
[Black "Walshaw, David"]
[Result "0-1"]
[WhiteElo "1000"]
[BlackElo "1640"]
[PlyCount "84"]
[EventDate "2010.01.31"]
[EventType "swiss"]
[EventRounds "5"]
[EventCountry "GGB"]
[SourceTitle "BritBase"]
[Source "www.saund.co.uk"]
[SourceDate "2018.02.10"]
[SourceVersion "1"]
[SourceVersionDate "2018.02.10"]
[SourceQuality "1"]

1. e4 d5 2. Nc3 dxe4 3. Nxe4 Nc6 4. Bb5 Bd7 5. Bc4 e6 6. Qf3 Ne5 7. Qc3 Nxc4 8.
Qxc4 Bc6 9. d3 Nf6 10. f3 Be7 11. Bg5 O-O 12. O-O-O Nd5 13. Qd4 Bxg5+ 14. Kb1
Be3 15. Qe5 Bf4 16. Qh5 Nf6 17. Qh4 Nxe4 18. fxe4 Qxh4 19. g3 Bxg3 20. h3 Rad8
21. Nf3 Qf4 22. Rhf1 Bxe4 23. Nd2 Qd6 24. Nxe4 Qe5 25. Nxg3 Qxg3 26. d4 c5 27.
c3 cxd4 28. cxd4 Qxh3 29. Rfe1 Qg3 30. Re2 Qf3 31. Rde1 Rxd4 32. a3 Rd1+ 33.
Ka2 Rxe1 34. Rxe1 h5 35. a4 h4 36. Rc1 h3 37. Rc3 Qd5+ 38. b3 Qd2+ 39. Ka3 Qxc3
40. Ka2 h2 41. Ka3 h1=Q 42. a5 Qha1# 0-1

[Event "Gibtelecom AmatWk2 8th"]
[Site "Gibraltar"]
[Date "2010.02.02"]
[Round "3.17"]
[White "Jacobsen, Caroline Beer"]
[Black "Knight Gonzalez, Carlos"]
[Result "1/2-1/2"]
[WhiteElo "1300"]
[BlackElo "1000"]
[PlyCount "75"]
[EventDate "2010.01.31"]
[EventType "swiss"]
[EventRounds "5"]
[EventCountry "GGB"]
[SourceTitle "BritBase"]
[Source "www.saund.co.uk"]
[SourceDate "2018.02.10"]
[SourceVersion "1"]
[SourceVersionDate "2018.02.10"]
[SourceQuality "1"]

1. e4 e5 2. Nf3 Nc6 3. Bb5 a6 4. Ba4 b5 5. Bb3 Nf6 6. O-O Be7 7. Re1 O-O 8. h3
d6 9. c3 Be6 10. Bc2 d5 11. exd5 Bxd5 12. Nxe5 Nxe5 13. Rxe5 Bd6 14. Re1 Re8
15. d4 Rxe1+ 16. Qxe1 Qc8 17. Qd1 h6 18. Nd2 Qe6 19. Bb3 Re8 20. Bxd5 Qe1+ 21.
Qxe1 Rxe1+ 22. Nf1 Nxd5 23. g3 c5 24. Kg2 cxd4 25. cxd4 Nb4 26. Nd2 Nd3 27. Nb3
a5 28. Bd2 Rxa1 29. Nxa1 Nxb2 30. Bxa5 Kf8 31. Bb6 Ke7 32. Kf3 Ke6 33. Ke2 g5
34. Nb3 Kd5 35. Kf3 f5 36. g4 fxg4+ 37. Kxg4 Nd3 38. f3 1/2-1/2

[Event "Gibtelecom AmatWk2 8th"]
[Site "Gibraltar"]
[Date "2010.02.02"]
[Round "3.18"]
[White "Ocana, Jeremy"]
[Black "Whatley, Stephen A J"]
[Result "0-1"]
[WhiteElo "1000"]
[BlackElo "1408"]
[PlyCount "90"]
[EventDate "2010.01.31"]
[EventType "swiss"]
[EventRounds "5"]
[EventCountry "GGB"]
[SourceTitle "BritBase"]
[Source "www.saund.co.uk"]
[SourceDate "2018.02.10"]
[SourceVersion "1"]
[SourceVersionDate "2018.02.10"]
[SourceQuality "1"]

1. e4 c5 2. Nf3 Nc6 3. d4 cxd4 4. Nxd4 e6 5. Nc3 Bb4 6. Qd3 Nf6 7. f3 O-O 8.
Bg5 h6 9. Be3 Ne5 10. Qd2 Qa5 11. a3 b6 12. Be2 Ba6 13. Nb3 Bxc3 14. bxc3 Qa4
15. Bxa6 Qxa6 16. Nc1 Rac8 17. Ne2 Qc4 18. O-O d5 19. exd5 Nxd5 20. Bxh6 gxh6
21. Qxh6 Qc5+ 22. Rf2 Nxc3 23. Qg5+ Ng6 24. Qxc5 Rxc5 25. Ng3 Nd5 26. Ne4 Rc6
27. g4 Ndf4 28. h4 Nh3+ 29. Kg2 Nxf2 30. Kxf2 Nxh4 31. Rh1 Rxc2+ 32. Kg3 Ng6
33. g5 Rfc8 34. Nf6+ Kf8 35. Nd7+ Ke7 36. Nf6 Rc1 37. Rh2 R8c2 38. Ng8+ Kf8 39.
Rxc2 Rxc2 40. Nf6 Ra2 41. Nd7+ Ke7 42. Nb8 Rxa3 43. Nc6+ Kd6 44. Nd8 Ne5 45.
Nb7+ Kc7 {This game was a Challengers/Amateurs cross-pairing.} 0-1

[Event "Gibtelecom AmatWk2 8th"]
[Site "Gibraltar"]
[Date "2010.02.03"]
[Round "4.1"]
[White "Salomon, Johan"]
[Black "Edwards, Stephen A"]
[Result "1-0"]
[WhiteElo "1771"]
[BlackElo "1784"]
[PlyCount "81"]
[EventDate "2010.01.31"]
[EventType "swiss"]
[EventRounds "5"]
[EventCountry "GGB"]
[SourceTitle "BritBase"]
[Source "www.saund.co.uk"]
[SourceDate "2018.02.10"]
[SourceVersion "1"]
[SourceVersionDate "2018.02.10"]
[SourceQuality "1"]

1. e4 d6 2. d4 Nf6 3. Nc3 c6 4. h3 Nbd7 5. Nf3 e5 6. Bc4 Be7 7. O-O O-O 8. Be3
b5 9. Bd3 Bb7 10. dxe5 dxe5 11. Ne2 Qc7 12. Ng3 Rfd8 13. Qe2 a6 14. a4 Bc5 15.
Bd2 Bf8 16. Nh4 Nc5 17. axb5 cxb5 18. Ba5 Qc6 19. Bxd8 Rxd8 20. Nf3 Qc7 21.
Rfd1 Ne6 22. Re1 Nf4 23. Qd2 Bc5 24. Rad1 Qe7 25. Nf5 Qf8 26. Nxe5 Ne6 27. Qc1
Bxf2+ 28. Kxf2 Qc5+ 29. Qe3 Qxe5 30. c3 Nxe4+ 31. Bxe4 Rxd1 32. Rxd1 Bxe4 33.
Ng3 Qf6+ 34. Kg1 Bc2 35. Rd2 Bb3 36. Nh5 Qh4 37. Rd4 Qe7 38. Rg4 Qb7 39. Nf6+
Kh8 40. Qh6 gxf6 41. Qxf6+ 1-0